00787cam a22002171 4500001001300000003000400013005001700017008004100034010001700075035002000092040001800112042001200130043001200142050001800154110004900172245020300221260005100424300002600475651005100501999001700552sa 68015323 DLC20260227112642.0890316s1967 io c f000 0 ind  asa 68015323  a(OCoLC)23557519 aDLCcMiUdDLC apremarc aa-io---00aJ631.N3bS8151 aIndonesia.bPresident (1967-1998 : Soeharto)00aPidato sambutan Pd.bPresiden Republik Indonesia dan Ketua Madjelis Permusjawaratan Rakjat Sementara R. I. pada pembukaan muktamar partai N. U., diselenggarakan pada tanggal 4 Djuli 1967 di Bandung. a[Djakarta]bDepartemen Penerangan R.I.c[1967] a22 p.bports.c21 cm. 0aIndonesiaxPolitics and governmenty1966-1998. c86382d86382